| 000 | 00604nam a22002057a 4500 | ||
|---|---|---|---|
| 003 | NUST | ||
| 005 | 20230126141204.0 | ||
| 008 | 190710b ||||| |||| 00| 0 eng d | ||
| 020 | _qHardcover. | ||
| 038 | _aMr. Zahoor | ||
| 082 | _a510 | ||
| 100 |
_aAmin, Asmat _917208 |
||
| 245 |
_aMoving Frame Formalism for Differential Equations _cAsmat Amin |
||
| 260 |
_aIslamabad : _bSNS - NUST, _c2016. |
||
| 300 |
_a61 p. ; _c30cm. |
||
| 650 |
_aMathematics - M.Phil Thesis _916594 |
||
| 700 |
_aDr. Sajid Ali _917209 |
||
| 856 | _uhttp://10.250.8.41:8080/xmlui/handle/123456789/4172 | ||
| 942 |
_2ddc _cTHE |
||
| 999 |
_c526239 _d526239 |
||